[Event "Oberliga Nord N 1415"]
[Site "Germany"]
[Date "2014.12.07"]
[Round "4.5"]
[White "Harm, Joerg"]
[Black "Jaeckle, Marco"]
[Result "1/2-1/2"]
[WhiteElo "2155"]
[BlackElo "2233"]
[PlyCount "59"]
[EventDate "2014.09.21"]
[EventType "team-tourn"]
[EventRounds "9"]
[EventCountry "GER"]
[SourceTitle "EXT 2016"]
[Source "ChessBase"]
[SourceDate "2015.10.08"]
[SourceVersion "1"]
[SourceVersionDate "2015.10.08"]
[SourceQuality "1"]
[WhiteTeam "Neumuenster Agon"]
[BlackTeam "Hamburg SF"]
[WhiteTeamCountry "GER"]
[BlackTeamCountry "GER"]

1. e4 e6 2. d4 d5 3. Nc3 Nf6 4. Bg5 Be7 5. e5 Nfd7 6. Bxe7 Qxe7 7. f4 a6 8. Qd2 c5 9. dxc5 Nxc5 10. Nf3 Nc6 11. Bd3 b5 12. Ne2 Bb7 13. 0-0-0 0-0-0 14. Ned4 Nxd4 15. Nxd4 Qc7 16. Kb1 Kb8 17. Rhf1 Rhe8 18. Rde1 f5 19. Re2 Qb6 20. Qe3 g6 21. Rd1 Qc7 22. Qd2 Rc8 23. Qb4 Red8 24. Re3 Qb6 25. Bf1 Ne4 26. a4 Nf2 27. Rd2 Ne4 28. Rd1 Nf2 29. Rd2 Ne4 30. Rd1 1/2-1/2

[Event "Oberliga Nord N 1415"]
[Site "Germany"]
[Date "2014.10.19"]
[Round "2.7"]
[White "Harm, Joerg"]
[Black "Wandel, Bernd"]
[Result "1/2-1/2"]
[WhiteElo "2155"]
[BlackElo "2089"]
[PlyCount "60"]
[EventDate "2014.09.21"]
[EventType "team-tourn"]
[EventRounds "9"]
[EventCountry "GER"]
[SourceTitle "EXT 2016"]
[Source "ChessBase"]
[SourceDate "2015.10.08"]
[SourceVersion "1"]
[SourceVersionDate "2015.10.08"]
[SourceQuality "1"]
[WhiteTeam "Neumuenster Agon"]
[BlackTeam "Schwerin II"]
[WhiteTeamCountry "GER"]
[BlackTeamCountry "GER"]

1. e4 c6 2. d4 d5 3. Nc3 dxe4 4. Nxe4 Nf6 5. Nxf6+ gxf6 6. Nf3 Bf5 7. g3 Bg7 8. Bg2 Nd7 9. 0-0 0-0 10. c3 e6 11. Nh4 Bg6 12. Re1 Re8 13. Nxg6 hxg6 14. Qb3 Qb6 15. Qc2 Rad8 16. Be3 Qc7 17. Rad1 f5 18. Bg5 Bf6 19. Bf4 e5 20. dxe5 Bxe5 21. Bg5 Bf6 22. Bf4 Be5 23. Bxe5 Rxe5 24. Qd2 Rxe1+ 25. Qxe1 Nf6 26. Bf3 Rxd1 27. Qxd1 c5 28. Qd2 b6 29. Kg2 Kg7 30. h3 Qe7 1/2-1/2

[Event "GER-chT10 LJ-21 Br02 email"]
[Site "GER email"]
[Date "2013.10.04"]
[Round "?"]
[White "Boehme, Sebastian"]
[Black "Harm, Joerg"]
[Result "1/2-1/2"]
[WhiteElo "2244"]
[BlackElo "2226"]
[PlyCount "89"]
[EventDate "2013.10.15"]
[EventType "tourn (corr)"]
[EventRounds "8"]
[EventCountry "GER"]
[SourceTitle "Corr 2020"]
[Source "ChessBase"]
[SourceDate "2019.09.30"]
[SourceVersion "1"]
[SourceVersionDate "2019.09.30"]
[SourceQuality "1"]

1. d4 Nf6 2. c4 e6 3. Nf3 d5 4. Nc3 c6 5. Bg5 h6 6. Bh4 dxc4 7. e4 g5 8. Bg3 b5 9. Ne5 Nbd7 10. Be2 Nxe5 11. Bxe5 Be7 12. Qd2 Bb7 13. Rd1 Qb6 14. b3 cxb3 15. axb3 Rg8 16. 0-0 Rd8 17. Kh1 Nd7 18. Bg3 Nf6 19. e5 Nd5 20. Ne4 b4 21. Nd6+ Bxd6 22. exd6 Nf4 23. Bf3 Rxd6 24. Bxf4 gxf4 25. Qxf4 Qd8 26. Rfe1 Rd7 27. Qxh6 Qg5 28. Qh7 Qg6 29. Qh3 Kf8 30. g4 f5 31. gxf5 Qxf5 32. Qxf5+ exf5 33. Re5 Rgg7 34. h4 Rd6 35. Rxf5+ Rf7 36. Rxf7+ Kxf7 37. Kg2 a5 38. Ra1 Rxd4 39. Rxa5 Bc8 40. Ra7+ Kf6 41. Rc7 Be6 42. Rxc6 Kf5 43. Kg3 Bxb3 44. h5 Bd1 45. Rc5+ 1/2-1/2

[Event "GER-chT10 LJ-21 Br02 email"]
[Site "GER email"]
[Date "2013.10.04"]
[Round "?"]
[White "Felkel, Siegfried"]
[Black "Harm, Joerg"]
[Result "1/2-1/2"]
[WhiteElo "2211"]
[BlackElo "2226"]
[PlyCount "87"]
[EventDate "2013.10.15"]
[EventType "tourn (corr)"]
[EventRounds "8"]
[EventCountry "GER"]
[SourceTitle "Corr 2020"]
[Source "ChessBase"]
[SourceDate "2019.09.30"]
[SourceVersion "1"]
[SourceVersionDate "2019.09.30"]
[SourceQuality "1"]

1. d4 d5 2. c4 dxc4 3. Nf3 Nf6 4. e3 e6 5. Bxc4 c5 6. 0-0 a6 7. Bb3 cxd4 8. exd4 Nc6 9. Nc3 Be7 10. Bg5 0-0 11. Qd2 Na5 12. Bc2 b5 13. Qf4 g6 14. Bh6 Nh5 15. Qe3 Ng7 16. Be4 Bb7 17. Bxb7 Nxb7 18. g4 Nd6 19. a4 b4 20. Ne2 Qb6 21. Qe5 Nde8 22. Qg3 Nf6 23. Ne5 Qb7 24. Rac1 Bd6 25. h3 a5 26. Qg2 Qxg2+ 27. Kxg2 Nd5 28. Nf4 Rfd8 29. Nxd5 exd5 30. Bxg7 Kxg7 31. Rc6 Bxe5 32. dxe5 d4 33. Rd1 Rd5 34. f4 g5 35. Kf3 gxf4 36. Ke4 Rad8 37. Rd3 R8d7 38. h4 f3 39. Rf6 Rc5 40. Rdxf3 d3 41. Rd6 Re7 42. Kxd3 Rcxe5 43. Ra6 h6 44. Raf6 1/2-1/2

[Event "Oberliga Nord N 1213"]
[Site "Germany"]
[Date "2012.11.25"]
[Round "3.6"]
[White "Harm, Joerg"]
[Black "Moshtael, Wesal"]
[Result "1-0"]
[WhiteElo "2180"]
[BlackElo "2200"]
[PlyCount "135"]
[EventDate "2012.10.14"]
[EventType "team-tourn"]
[EventRounds "9"]
[EventCountry "GER"]
[SourceTitle "EXT 2015"]
[Source "ChessBase"]
[SourceDate "2014.11.20"]
[SourceVersion "1"]
[SourceVersionDate "2014.11.20"]
[SourceQuality "1"]
[WhiteTeam "Neumuenster Agon"]
[BlackTeam "Eppendorf"]
[WhiteTeamCountry "GER"]
[BlackTeamCountry "GER"]

1. e4 c5 2. Nc3 d6 3. g3 g6 4. Bg2 Bg7 5. f4 e5 6. Nf3 Ne7 7. d3 Nbc6 8. Ne2 0-0 9. 0-0 Nd4 10. c3 Nxe2+ 11. Qxe2 exf4 12. Bxf4 d5 13. Qf2 d4 14. c4 Nc6 15. Qd2 Bg4 16. h3 Bxf3 17. Bxf3 Be5 18. a3 a5 19. Bd1 Qd6 20. Ba4 Nd8 21. Bxe5 Qxe5 22. Qf4 Qe7 23. Qf6 Qc7 24. Qf4 Qb6 25. Rf2 Ne6 26. Qf6 Qd8 27. Raf1 Ra6 28. Qxd8 Nxd8 29. Rf6 Rxf6 30. Rxf6 Kg7 31. Rb6 f5 32. e5 Rf7 33. Rd6 Nc6 34. Bxc6 bxc6 35. Rxc6 Rb7 36. Rxc5 Rxb2 37. Rxa5 Rb3 38. Ra7+ Kh6 39. Kf2 Rxd3 40. e6 Kg5 41. e7 Re3 42. Rd7 Kf6 43. Rxd4 Rxe7 44. c5 Ke5 45. Ke3 Rc7 46. Rc4 Kd5 47. Rc3 h6 48. Kf4 Ke6 49. h4 Kf6 50. Ke3 Ke5 51. c6 g5 52. Rc5+ Ke6 53. a4 gxh4 54. gxh4 Kd6 55. Rxf5 Kxc6 56. Rf6+ Kd5 57. Rxh6 Rc3+ 58. Kd2 Ra3 59. a5 Kd4 60. a6 Ra2+ 61. Kc1 Ke3 62. Kb1 Ra5 63. Kb2 Kf4 64. Kb3 Kg4 65. Kb4 Ra1 66. Kb5 Ra2 67. Kb6 Rb2+ 68. Kc7 1-0

[Event "GER-chT9 LI-01 Br01 email"]
[Site "GER email"]
[Date "2011.10.16"]
[Round "?"]
[White "Windhausen, Georg"]
[Black "Harm, Joerg"]
[Result "1-0"]
[WhiteElo "2288"]
[BlackElo "2236"]
[PlyCount "103"]
[EventDate "2011.10.23"]
[EventType "tourn (corr)"]
[EventRounds "9"]
[EventCountry "GER"]
[EventCategory "1"]
[SourceTitle "Corr 2015"]
[Source "ChessBase"]
[SourceDate "2015.07.17"]
[SourceVersion "1"]
[SourceVersionDate "2015.07.17"]
[SourceQuality "1"]

1. e4 e5 2. Nf3 Nf6 3. Nxe5 d6 4. Nf3 Nxe4 5. Nc3 Nxc3 6. dxc3 Be7 7. Be3 0-0 8. Qd2 Nc6 9. 0-0-0 Ne5 10. h4 Re8 11. Nxe5 dxe5 12. Bd3 Be6 13. Qe2 Qc8 14. h5 h6 15. Rhg1 Bf5 16. Bb5 c6 17. g4 cxb5 18. gxf5 Qc6 19. Qg4 Bf8 20. Qg2 Qxg2 21. Rxg2 Kh7 22. Rd7 Re7 23. Rd5 a6 24. Rg4 Ree8 25. Re4 g6 26. Rdxe5 Rxe5 27. Rxe5 gxh5 28. Re4 Rc8 29. Rh4 Bc5 30. Kd2 Bxe3+ 31. fxe3 Rd8+ 32. Ke2 Rg8 33. Rxh5 Rg1 34. e4 Kg7 35. e5 Rc1 36. Kd2 Rb1 37. a3 Rxb2 38. f6+ Kg8 39. Rxh6 Rb1 40. Rh3 Rf1 41. Ke3 Rc1 42. Ke4 Rxc2 43. Rd3 Re2+ 44. Kd5 a5 45. Kd6 a4 46. Rd5 Kh7 47. Rxb5 Kg6 48. Rb1 Re3 49. c4 Rxa3 50. Rg1+ Kf5 51. e6 Kxf6 52. Rf1+ 1-0

[Event "GER-chT8 LH-23 Br1 email"]
[Site "GER email"]
[Date "2009.10.09"]
[Round "?"]
[White "Kalthoff, Peter"]
[Black "Harm, Joerg"]
[Result "1/2-1/2"]
[WhiteElo "1949"]
[BlackElo "2256"]
[PlyCount "129"]
[EventDate "2009.10.15"]
[EventType "tourn (corr)"]
[EventRounds "8"]
[EventCountry "GER"]
[SourceTitle "Corr 2013"]
[Source "ChessBase"]
[SourceDate "2012.11.12"]
[SourceVersion "1"]
[SourceVersionDate "2012.11.12"]
[SourceQuality "1"]

1. d4 Nf6 2. Bg5 d5 3. Bxf6 exf6 4. e3 Bd6 5. g3 0-0 6. Bg2 c6 7. Nd2 Qb6 8. b3 Re8 9. Ne2 Bg4 10. 0-0 Nd7 11. c4 Qa6 12. h3 Be6 13. a4 dxc4 14. bxc4 Bxc4 15. Nxc4 Qxc4 16. a5 Rac8 17. Qd2 Red8 18. Rfc1 Qe6 19. Rab1 Rb8 20. Rc2 Qe7 21. Rcb2 Nf8 22. a6 bxa6 23. Bxc6 Qc7 24. Rxb8 Rxb8 25. Rc1 Ba3 26. Rc4 Rb1+ 27. Kg2 Rb6 28. Bd5 Qd7 29. Bf3 Ne6 30. Qc2 g6 31. h4 Bd6 32. Nc3 Kg7 33. Nd5 Rb5 34. Rc6 a5 35. Ra6 Bf8 36. Qc4 f5 37. Nc3 Rb6 38. Rxa5 Bb4 39. Rd5 Qe8 40. Rb5 Rxb5 41. Nxb5 a5 42. d5 Nc5 43. Nd4 Nd7 44. Nc6 Qf8 45. Qf4 Qd6 46. Qxd6 Bxd6 47. Nxa5 Kf8 48. Kf1 Ke8 49. Bd1 Nf6 50. Ba4+ Kd8 51. Nc4 Ke7 52. Bc6 Ne4 53. Ke2 Bb4 54. Ba8 Bc3 55. g4 Nd6 56. Nxd6 Kxd6 57. gxf5 Bf6 58. h5 gxf5 59. Bb7 Bd8 60. f4 h6 61. Bc8 Kxd5 62. Bxf5 f6 63. Kf3 Kd6 64. e4 Bc7 65. Bc8 1/2-1/2

[Event "GER-chT KG-31 email"]
[Site "GER email"]
[Date "2008.11.21"]
[Round "?"]
[White "Harm, Joerg"]
[Black "Schulz, Volker"]
[Result "1-0"]
[WhiteElo "2246"]
[BlackElo "2016"]
[PlyCount "59"]
[EventDate "2008.??.??"]
[EventType "tourn (corr)"]
[EventRounds "7"]
[EventCountry "GER"]
[SourceTitle "Corr 2011"]
[Source "ChessBase"]
[SourceDate "2010.08.31"]
[SourceVersion "1"]
[SourceVersionDate "2010.08.31"]
[SourceQuality "1"]

1. e4 g6 2. d4 Bg7 3. Nc3 d6 4. Be3 Nf6 5. Qd2 Ng4 6. Bg5 h6 7. Bh4 0-0 8. 0-0-0 Nc6 9. h3 Nf6 10. f4 a6 11. g4 b5 12. Bg2 Bb7 13. e5 Nd7 14. Nd5 Rb8 15. Qe3 Qc8 16. Rh2 e6 17. Nf6+ Nxf6 18. exf6 Bh8 19. f5 Kh7 20. fxg6+ fxg6 21. Rf1 Nb4 22. g5 c5 23. Qe1 Nxa2+ 24. Kb1 Nb4 25. gxh6 Bxg2 26. Rxg2 Qb7 27. Nf3 Bxf6 28. Bxf6 Rxf6 29. Ng5+ Kh8 30. Rgf2 1-0

[Event "GER-chT KG-31 email"]
[Site "GER email"]
[Date "2008.11.21"]
[Round "?"]
[White "Harm, Joerg"]
[Black "Weber, Karlheinz"]
[Result "1/2-1/2"]
[WhiteElo "2246"]
[BlackElo "2302"]
[PlyCount "74"]
[EventDate "2008.??.??"]
[EventType "tourn (corr)"]
[EventRounds "7"]
[EventCountry "GER"]
[SourceTitle "Corr 2011"]
[Source "ChessBase"]
[SourceDate "2010.08.31"]
[SourceVersion "1"]
[SourceVersionDate "2010.08.31"]
[SourceQuality "1"]

1. e4 e6 2. d4 d5 3. Nc3 Bb4 4. Nge2 dxe4 5. a3 Be7 6. Nxe4 Nf6 7. Qd3 Nxe4 8. Qxe4 Nd7 9. Bf4 Nf6 10. Qf3 0-0 11. 0-0-0 Nd5 12. Be5 Bd7 13. c4 Nb6 14. Nc3 Bd6 15. Bd3 Bxe5 16. Qe4 Qg5+ 17. Kb1 g6 18. Qxe5 Qxe5 19. dxe5 Bc6 20. f3 a5 21. b3 Nd7 22. Rhe1 Rfd8 23. b4 axb4 24. axb4 Kf8 25. Kb2 Ke7 26. Bc2 b6 27. h4 Nf8 28. Ne4 Rxd1 29. Rxd1 Nd7 30. f4 f5 31. exf6+ Nxf6 32. Nxf6 Kxf6 33. g3 Ke7 34. Re1 Kf6 35. Re5 Bf3 36. c5 Rd8 37. cxb6 cxb6 1/2-1/2

[Event "Oberliga Nord N 0607"]
[Site "Germany"]
[Date "2006.12.10"]
[Round "4.3"]
[White "Rosmann, Ilja"]
[Black "Harm, Joerg"]
[Result "1-0"]
[WhiteElo "2242"]
[BlackElo "2224"]
[PlyCount "83"]
[EventDate "2006.10.15"]
[EventType "team-tourn"]
[EventRounds "9"]
[EventCountry "GER"]
[SourceTitle "EXT 2019"]
[Source "ChessBase"]
[SourceDate "2018.10.10"]
[SourceVersion "1"]
[SourceVersionDate "2018.10.10"]
[SourceQuality "1"]
[WhiteTeam "Hamburg Koenigsspringer"]
[BlackTeam "Neumuenster Agon"]
[WhiteTeamCountry "GER"]
[BlackTeamCountry "GER"]

1. e4 e5 2. Nf3 Nc6 3. Bb5 a6 4. Ba4 Nf6 5. Qe2 b5 6. Bb3 Be7 7. a4 b4 8. a5 0-0 9. 0-0 d5 10. exd5 Nxd5 11. Qc4 Nf4 12. Qxc6 Rb8 13. Nxe5 Ne2+ 14. Kh1 Bf6 15. Nxf7 Rxf7 16. Bxf7+ Kf8 17. Qc5+ Qd6 18. Qxd6+ cxd6 19. Bc4 Nxc1 20. d4 Bxd4 21. Rxc1 Bxb2 22. Nd2 Bb7 23. Rab1 Bxc1 24. Rxc1 Rc8 25. Bd3 g6 26. Rb1 Bd5 27. Rxb4 Rc5 28. Ra4 Bc6 29. Ra1 Bb5 30. c4 Bc6 31. f3 Re5 32. Ne4 Ke7 33. Kg1 g5 34. Kf2 g4 35. fxg4 Bxe4 36. Bxe4 Rxe4 37. Re1 Rxe1 38. Kxe1 d5 39. c5 Kd7 40. g5 Kc6 41. h4 Kxc5 42. h5 1-0

[Event "Oberliga Nord N 0607"]
[Site "Germany"]
[Date "2006.11.19"]
[Round "3.3"]
[White "Harm, Joerg"]
[Black "Nonnenmacher, Thomas"]
[Result "1/2-1/2"]
[WhiteElo "2224"]
[BlackElo "2203"]
[PlyCount "33"]
[EventDate "2006.10.15"]
[EventType "team-tourn"]
[EventRounds "9"]
[EventCountry "GER"]
[SourceTitle "EXT 2019"]
[Source "ChessBase"]
[SourceDate "2018.10.10"]
[SourceVersion "1"]
[SourceVersionDate "2018.10.10"]
[SourceQuality "1"]
[WhiteTeam "Neumuenster Agon"]
[BlackTeam "Pinneberg"]
[WhiteTeamCountry "GER"]
[BlackTeamCountry "GER"]

1. Nf3 Nf6 2. d4 c5 3. g3 e6 4. Bg2 Nc6 5. 0-0 d5 6. c3 Bd6 7. Nbd2 0-0 8. b3 b6 9. Bb2 Bb7 10. c4 Qc7 11. Rc1 Rfd8 12. Qc2 Qe7 13. e3 Rac8 14. Qb1 Ne4 15. Rfd1 f5 16. Nf1 Na5 17. N3d2 1/2-1/2

[Event "Oberliga Nord N 0506"]
[Site "Germany"]
[Date "2006.04.02"]
[Round "9.3"]
[White "Harm, Joerg"]
[Black "Jaster, Robert"]
[Result "0-1"]
[WhiteElo "2252"]
[BlackElo "2254"]
[PlyCount "138"]
[EventDate "2005.10.23"]
[EventType "team-tourn"]
[EventRounds "9"]
[EventCountry "GER"]
[SourceTitle "EXT 2007"]
[Source "ChessBase"]
[SourceDate "2006.11.23"]
[SourceVersion "1"]
[SourceVersionDate "2006.11.23"]
[SourceQuality "1"]
[WhiteTeam "Neumuenster"]
[BlackTeam "Rostock"]
[WhiteTeamCountry "GER"]
[BlackTeamCountry "GER"]

1. e4 c6 2. d4 d5 3. Nc3 dxe4 4. Nxe4 Nd7 5. Nf3 Ngf6 6. Nxf6+ Nxf6 7. h3 Bf5 8. Bd3 e6 9. 0-0 Bxd3 10. Qxd3 Be7 11. Bf4 0-0 12. Qb3 Nd5 13. Be5 Qb6 14. Qxb6 Nxb6 15. Rfd1 Nc4 16. Bf4 Rfd8 17. b3 Nd6 18. Bxd6 Rxd6 19. Rd3 Rad8 20. Rad1 c5 21. Kf1 cxd4 22. Rxd4 Rxd4 23. Rxd4 Rxd4 24. Nxd4 Bc5 25. Nf3 Kf8 26. Ke2 Ke7 27. c3 Kf6 28. Nd2 Kf5 29. Nc4 b5 30. Nd2 e5 31. f3 Be7 32. Ne4 Ke6 33. Kd3 f5 34. Ng3 Bh4 35. Ne2 Kd5 36. c4+ bxc4+ 37. bxc4+ Kc5 38. Nc3 a5 39. a3 Bg5 40. Na4+ Kc6 41. Kc2 Be7 42. Kb3 e4 43. fxe4 fxe4 44. Kc3 Bf6+ 45. Kd2 Bd4 46. Ke2 Kd6 47. Kd2 Ke5 48. Nc3 e3+ 49. Kd3 Bxc3 50. Kxc3 e2 51. Kd2 Kd4 52. c5 Kxc5 53. Kxe2 Kc4 54. h4 Kb3 55. Kd3 Kxa3 56. Kc3 h5 57. Kc4 Ka4 58. Kc3 Kb5 59. Kb3 a4+ 60. Ka3 Ka5 61. Kb2 Kb4 62. Ka2 a3 63. Kb1 Kb3 64. Ka1 a2 65. g3 Ka3 66. g4 hxg4 67. h5 g3 68. h6 g2 69. hxg7 g1Q# 0-1

[Event "Oberliga Nord N 0506"]
[Site "Germany"]
[Date "2006.01.29"]
[Round "6.2"]
[White "Harm, Joerg"]
[Black "Jaeckle, Marco"]
[Result "0-1"]
[WhiteElo "2252"]
[BlackElo "2302"]
[PlyCount "58"]
[EventDate "2005.10.23"]
[EventType "team-tourn"]
[EventRounds "9"]
[EventCountry "GER"]
[SourceTitle "EXT 2007"]
[Source "ChessBase"]
[SourceDate "2006.11.23"]
[SourceVersion "1"]
[SourceVersionDate "2006.11.23"]
[SourceQuality "1"]
[WhiteTeam "Neumuenster"]
[BlackTeam "Hamburg Schachfreunde"]
[WhiteTeamCountry "GER"]
[BlackTeamCountry "GER"]

1. e4 Nc6 2. Nf3 Nf6 3. e5 Nd5 4. d4 d6 5. exd6 exd6 6. c4 Nb6 7. Be2 Be7 8. 0-0 0-0 9. Nc3 Bf5 10. Be3 d5 11. c5 Nc4 12. Bc1 Bf6 13. b3 N4a5 14. Be3 h6 15. Ne1 Re8 16. Bf3 Ne7 17. Nd3 Bxd3 18. Qxd3 c6 19. Ne2 b5 20. Ng3 Nb7 21. Rac1 Kh8 22. Bd1 Qd7 23. Bc2 Ng6 24. Nh5 Qe7 25. Rce1 Qe4 26. Nxf6 gxf6 27. Qd1 Qh4 28. g3 Qh3 29. Bd2 Nh4 0-1

[Event "Oberliga Nord N 0405"]
[Site "Germany"]
[Date "2005.04.10"]
[Round "9.3"]
[White "Harm, Joerg"]
[Black "Mitscherling, Andreas"]
[Result "0-1"]
[WhiteElo "2236"]
[BlackElo "2249"]
[PlyCount "84"]
[EventDate "2004.10.24"]
[EventType "team-tourn"]
[EventRounds "9"]
[EventCountry "GER"]
[SourceTitle "EXT 2006"]
[Source "ChessBase"]
[SourceDate "2005.11.24"]
[SourceVersion "1"]
[SourceVersionDate "2005.11.24"]
[SourceQuality "1"]
[WhiteTeam "Neumuenster"]
[BlackTeam "Grosshansdorf"]
[WhiteTeamCountry "GER"]
[BlackTeamCountry "GER"]

1. e4 e6 2. d4 d5 3. Nc3 Bb4 4. Nge2 dxe4 5. a3 Bxc3+ 6. Nxc3 Nc6 7. d5 exd5 8. Qxd5 Qxd5 9. Nxd5 Nd4 10. Nxc7+ Kd8 11. Bf4 Nxc2+ 12. Kd2 Nxa1 13. Bc4 Be6 14. Bxe6 fxe6 15. Nxa8 Nb3+ 16. Ke3 Nf6 17. Rd1+ Kc8 18. Bg3 Nd5+ 19. Kxe4 b6 20. Kf3 Rf8+ 21. Kg4 Rf7 22. Re1 Kb7 23. Nxb6 axb6 24. Rxe6 Nc5 25. Re2 Nf6+ 26. Kg5 Nfe4+ 27. Kg4 Kc6 28. Bh4 Kd5 29. f4 Nd3 30. g3 Nef2+ 31. Kf3 Nd1 32. b4 N1b2 33. Ke3 Kc4 34. Kd2 Kb3 35. Re4 Rd7 36. Ke3 Nc4+ 37. Ke2 Nxa3 38. g4 Nc4 39. f5 Nxb4 40. g5 Nd5 41. Rg4 Nc3+ 42. Ke1 Ne3 0-1

[Event "Oberliga Nord N 0405"]
[Site "Germany"]
[Date "2005.02.13"]
[Round "7.3"]
[White "Harm, Joerg"]
[Black "Hamann, Carsten"]
[Result "1-0"]
[WhiteElo "2236"]
[BlackElo "2203"]
[PlyCount "119"]
[EventDate "2004.10.24"]
[EventType "team-tourn"]
[EventRounds "9"]
[EventCountry "GER"]
[SourceTitle "EXT 2006"]
[Source "ChessBase"]
[SourceDate "2005.11.24"]
[SourceVersion "1"]
[SourceVersionDate "2005.11.24"]
[SourceQuality "1"]
[WhiteTeam "Neumuenster"]
[BlackTeam "Kiel Meerbauer"]
[WhiteTeamCountry "GER"]
[BlackTeamCountry "GER"]

1. e4 e6 2. d4 d5 3. Nc3 Bb4 4. Nge2 dxe4 5. a3 Be7 6. Nxe4 Nd7 7. Qd3 Ngf6 8. N2c3 Nxe4 9. Nxe4 Nf6 10. Bd2 0-0 11. Be2 Bd7 12. Bf3 Bc6 13. Rd1 Nxe4 14. Bxe4 Bxe4 15. Qxe4 c6 16. 0-0 Bf6 17. c3 Qb6 18. Qc2 Rfd8 19. Be3 Qb5 20. Rde1 e5 21. dxe5 Bxe5 22. Rd1 Qa5 23. Rxd8+ Rxd8 24. Rd1 a6 25. g3 Rd5 26. Re1 Qd8 27. c4 Rd7 28. b4 g6 29. a4 Bg7 30. b5 Bd4 31. bxc6 bxc6 32. Qe4 Bxe3 33. Rxe3 Rd1+ 34. Kg2 Qd6 35. Qe8+ Kg7 36. Qe5+ Qf6 37. Qc5 Rd2 38. Re8 Qd6 39. Qe5+ Qxe5 40. Rxe5 Rd4 41. Rc5 Rd6 42. Kf3 Kf6 43. Ke3 Ke6 44. Ra5 c5 45. Rxc5 Rb6 46. Kd4 Kd7 47. f4 h5 48. f5 Rf6 49. fxg6 fxg6 50. Rg5 Kc6 51. Re5 Kd6 52. Re8 Kd7 53. Rg8 Kd6 54. a5 Kc6 55. Rb8 Rd6+ 56. Ke5 Rd2 57. Rb6+ Kc5 58. h4 Rd3 59. Rxg6 Kxc4 60. Kf4 1-0

[Event "Oberliga Nord N 0405"]
[Site "Germany"]
[Date "2005.01.30"]
[Round "6.3"]
[White "Jaster, Robert"]
[Black "Harm, Joerg"]
[Result "1-0"]
[WhiteElo "2233"]
[BlackElo "2236"]
[PlyCount "89"]
[EventDate "2004.10.24"]
[EventType "team-tourn"]
[EventRounds "9"]
[EventCountry "GER"]
[SourceTitle "EXT 2006"]
[Source "ChessBase"]
[SourceDate "2005.11.24"]
[SourceVersion "1"]
[SourceVersionDate "2005.11.24"]
[SourceQuality "1"]
[WhiteTeam "Rostock Polizei"]
[BlackTeam "Neumuenster"]
[WhiteTeamCountry "GER"]
[BlackTeamCountry "GER"]

1. d4 Nf6 2. c4 c5 3. Nf3 cxd4 4. Nxd4 g6 5. Nc3 Bg7 6. g3 Nc6 7. Bg2 0-0 8. 0-0 Qb6 9. e3 a6 10. b3 d6 11. Bb2 Bd7 12. Qd2 Rac8 13. h3 Rfd8 14. Rfd1 e6 15. Nde2 Ne8 16. Ne4 Bxb2 17. Qxb2 Na5 18. Nf6+ Nxf6 19. Qxf6 Bc6 20. e4 Qc7 21. h4 Rd7 22. Rac1 b5 23. cxb5 axb5 24. b4 Nc4 25. a4 Qd8 26. Qxd8+ Rdxd8 27. Nd4 Be8 28. Nxb5 Nb6 29. Rxc8 Nxc8 30. Bf1 d5 31. exd5 exd5 32. a5 Ne7 33. Nd4 Rc8 34. a6 Rb8 35. b5 Nc8 36. Rc1 Nb6 37. Rc7 Kf8 38. Rb7 Rxb7 39. axb7 Nd7 40. Nc6 f6 41. b6 Kf7 42. b8Q Nxb8 43. Nxb8 Ke6 44. b7 Kd6 45. Na6 1-0

[Event "Oberliga Nord N 0405"]
[Site "Germany"]
[Date "2004.11.28"]
[Round "3.2"]
[White "Jaeckle, Marco"]
[Black "Harm, Joerg"]
[Result "1/2-1/2"]
[WhiteElo "2282"]
[BlackElo "2236"]
[PlyCount "47"]
[EventDate "2004.10.24"]
[EventType "team-tourn"]
[EventRounds "9"]
[EventCountry "GER"]
[SourceTitle "EXT 2006"]
[Source "ChessBase"]
[SourceDate "2005.11.24"]
[SourceVersion "1"]
[SourceVersionDate "2005.11.24"]
[SourceQuality "1"]
[WhiteTeam "Hamburg SV 1934"]
[BlackTeam "Neumuenster"]
[WhiteTeamCountry "GER"]
[BlackTeamCountry "GER"]

1. e4 e5 2. d4 exd4 3. Bc4 Nf6 4. Nf3 Nc6 5. e5 d5 6. Bb5 Ne4 7. Nxd4 Bd7 8. Bxc6 bxc6 9. 0-0 Be7 10. f3 Nc5 11. f4 Ne4 12. Be3 0-0 13. Nc3 Nxc3 14. bxc3 Bc5 15. Qd3 Qe7 16. Rae1 Rfe8 17. Nb3 Bb6 18. a4 a5 19. Bxb6 cxb6 20. f5 Qg5 21. Re3 Bc8 22. Rg3 Qh4 23. Qe3 Qe4 24. Rxg7+ 1/2-1/2

[Event "Oberliga Nord N 0405"]
[Site "Germany"]
[Date "2004.11.14"]
[Round "2.2"]
[White "Harm, Joerg"]
[Black "Bokelbrink, Uwe"]
[Result "1-0"]
[WhiteElo "2236"]
[BlackElo "2281"]
[PlyCount "79"]
[EventDate "2004.10.24"]
[EventType "team-tourn"]
[EventRounds "9"]
[EventCountry "GER"]
[SourceTitle "EXT 2006"]
[Source "ChessBase"]
[SourceDate "2005.11.24"]
[SourceVersion "1"]
[SourceVersionDate "2005.11.24"]
[SourceQuality "1"]
[WhiteTeam "Neumuenster"]
[BlackTeam "Pinneberg"]
[WhiteTeamCountry "GER"]
[BlackTeamCountry "GER"]

1. e4 c5 2. Nc3 Nc6 3. g3 g6 4. Bg2 Bg7 5. d3 Rb8 6. Be3 Nd4 7. Qd2 d6 8. Nd1 e5 9. c3 Nc6 10. Ne2 h5 11. b4 b6 12. Rb1 h4 13. a3 Qd7 14. Ng1 Nge7 15. f3 Bb7 16. Bf2 hxg3 17. hxg3 Rxh1 18. Bxh1 cxb4 19. axb4 d5 20. Bg2 Rd8 21. Qc2 Kf8 22. Ne2 Kg8 23. Ne3 Qe6 24. Qb3 Ba6 25. b5 Na5 26. Qa2 Bc8 27. c4 dxe4 28. dxe4 Bb7 29. Nd5 Rc8 30. Nxe7+ Qxe7 31. c5 Qe6 32. Qxe6 fxe6 33. c6 Ba8 34. Bh3 Kf7 35. Rd1 Bf8 36. Rd7+ Kf6 37. Rxa7 Bb4+ 38. Kf1 Nc4 39. f4 Nd2+ 40. Kg1 1-0